Glencoe world geography : a physical and cultural approach /

Looking at the world; The United States and Canada; Latin America; Europe; Russia and the Eurasian Republics; North Africa and Southwest Asia; Africa South of the Sahara; South Asia; East Asia; Southeast Asia; Australia, Oceania, and Antarctica.

Đã lưu trong:
书目详细资料
主要作者: Boehm, Richard G., Ph.D.
格式: 图书
语言:English
出版: New York : Glencoe/McGraw-Hill, 1995.
版:Texas ed.
主题:
标签: 添加标签
没有标签, 成为第一个标记此记录!
Thư viện lưu trữ: Mạng thư viện Đại học Đà Nẵng
LEADER 01371cam a22003371a 4500
001 000035761
005 20210622102539.0
020 |a 0028217136 
040 |a lnn  |c lnn  |d lnn 
041 0 |a eng 
082 1 4 |a 910  |b BO-R 
100 1 |a Boehm, Richard G.,  |c Ph.D. 
245 1 0 |a Glencoe world geography :  |b a physical and cultural approach /  |c Richard G. Boehm. 
250 |a Texas ed. 
260 |a New York :  |b Glencoe/McGraw-Hill,  |c 1995. 
300 |a xviii, A28, 786 p., 32 :  |b col. ill., col. maps ;  |c 28 cm. 
500 |a Includes indexes. 
520 3 |a Looking at the world; The United States and Canada; Latin America; Europe; Russia and the Eurasian Republics; North Africa and Southwest Asia; Africa South of the Sahara; South Asia; East Asia; Southeast Asia; Australia, Oceania, and Antarctica. 
630 0 4 |a World geography. 
650 0 4 |a Geography  |x Study and teaching. 
OWN |a LNN 
902 |a TKA 
AVA |a UDN50  |b LNN  |c English  |d 910 BO-R  |e available  |t Error 5001 Not defined in file expand_doc_bib_avail.  |f 2  |g 0  |h N  |i 0  |j AN  |k 1 
999 |a From the UDN01 
AVA |a UDN50  |b LNN  |c English  |d 910 BO-R  |e available  |t Error 5001 Not defined in file expand_doc_bib_avail.  |f 2  |g 0  |h N  |i 0  |j AN  |k 1 
TYP |a Monograph 
TYP |a Printed language 
TYP |a GV 
980 |a Mạng thư viện Đại học Đà Nẵng